书目信息 |
| 题名: |
图书馆学实用研究法
|
|
| 作者: | 于鸣镝 著 | |
| 分册: | ||
| 出版信息: | 北京 海洋出版社 2007.06 |
|
| 页数: | 265页 | |
| 开本: | 21cm | |
| 丛书名: | 二十一世纪图书馆学丛书 | |
| 单 册: | ||
| 中图分类: | G250 | |
| 科图分类: | ||
| 主题词: | 图书馆学--tu shu guan xue--研究方法 | |
| 电子资源: | ||
| ISBN: | 978-7-5027-6798-3 | |
| 000 | 00927nam 2200253 450 | |
| 001 | 012007669394 | |
| 005 | 20071106102638.25 | |
| 010 | @a978-7-5027-6798-3@dCNY25.00 | |
| 100 | @a20070924d2007 km y0chiy0120 ea | |
| 101 | 0 | @achi |
| 102 | @aCN@b110000 | |
| 105 | @ay z 000yy | |
| 106 | @ar | |
| 200 | 1 | @a图书馆学实用研究法@Atu shu guan xue shi yong yan jiu fa@f于鸣镝著@Fyu ming di zhu |
| 210 | @a北京@c海洋出版社@d2007.06 | |
| 215 | @a265页@d21cm | |
| 225 | 2 | @a二十一世纪图书馆学丛书@Aer shi yi shi ji tu shu guan xue cong shu |
| 330 | @a本书分为十章,内容包括“学术研究是学科发展的动力”、“研究学风存在不良倾向”、“学术研究机制必须改革”、“选题是学术研究的首要环节”、“全面收集资料”等。 | |
| 410 | 0 | @12001 @a二十一世纪图书馆学丛书 |
| 606 | 0 | @a图书馆学@Atu shu guan xue@x研究方法 |
| 690 | @aG250@v4 | |
| 701 | 0 | @a于鸣镝@Ayu ming di@4著 |
| 801 | 0 | @aCN@b@c20071106 |
| 905 | @b263209-10@dG250@eY715@f2 | |
| 图书馆学实用研究法/于鸣镝著.-北京:海洋出版社,2007.06 |
| 265页;21cm.-(二十一世纪图书馆学丛书) |
| ISBN 978-7-5027-6798-3:CNY25.00 |
| 本书分为十章,内容包括“学术研究是学科发展的动力”、“研究学风存在不良倾向”、“学术研究机制必须改革”、“选题是学术研究的首要环节”、“全面收集资料”等。 |
| ● |
| 相关链接 |
|
|
|
正题名:图书馆学实用研究法
索取号:G250/Y715
 
预约/预借
| 序号 | 登录号 | 条形码 | 馆藏地/架位号 | 状态 | 备注 |
| 1 | 263209 | 202632099 | 社科库409/409社科库 59排1列1层/ [索取号:G250/Y715] | 在馆 | |
| 2 | 263210 | 202632106 | 社科库409/409社科库 59排1列1层/ [索取号:G250/Y715] | 在馆 |